000 00794nam a2200157 4500
003 LK-CoMWRAF
005 20231213210334.0
008 231213b |||||||| |||| 00| 0 eng d
040 _aLK-CoMWRAF
_dLK-CoMWRAF
_eLK-CoMWRAF
082 _a343.54
_bSRI
245 _aශ්‍රී ලංකාවේ කාන්තා අයිතිවාසිකම් වෙනුවෙන් වැඩකරන සංවිධාන සඳහා විමර් ශන මූලාශ්‍ර‍ක්
246 _aSri Lankawe kantha aithiwasikam wenuwen wadakarana sanwidhana sandaha wimarshana moolasrayak
260 _aකොළඹ :
_bකාන්තාව සහ මාධ්‍ය සාමුහිකය,
_c2018
650 _aකාන්තා අයිතිවාසිකම්
942 _cBK
999 _c4430
_d4430